00881nam a2200205 a 450000100100000000500170001000800410002702000150006804000250008308200150010824500540012326001050017730000200028249000690030250000580037150000400042983000760046995201130054599900170065800003715820200930080158.0120220 2003 mx 000 0 spa d a9701865618 aDO-SdBNPbspacBNPHU axxxxbE79s03aLa estadística de los servicios bibliotecarios. aMéxico :bConsejo Nacional Para la Cultura y las Artes, Dirección General de Bibliotecas,c2003. a59 p. ;c21 cm.1 aColección apoyo a la capacitación biblitecariaaInstructivos aEn la cubierta Red Nacional de Bibliotecas Públicas aSegunda reimpresión de la tercera 0aColección apoyo a la capacitación biblitecariapInstructivos963562 001050718MOaGRbGRcCTd2012-02-20iLF1l0oxxxx E79sp37158-10r2020-06-25w2020-06-25y1ZNo se presta c36648d36648